| 000 | 00618nam a2200217 a 4500 | ||
|---|---|---|---|
| 003 | BD-DhJNU | ||
| 005 | 20260112054952.0 | ||
| 008 | 251001s1962 ii a b 001 0 eng | ||
| 020 | _a9781789290653 | ||
| 040 |
_aBD-DhJNU _bENG _cBD-DhJNU _dBD-DhJNU |
||
| 082 | 0 | 0 |
_a910.9 SYB _223 |
| 100 | 1 | _aSynge, M. B. | |
| 245 | 1 | 0 |
_aA book of discovery / _cM. B. Synge |
| 250 | _aNew edition | ||
| 260 |
_aLondon : _bNelson, _c1962. |
||
| 300 |
_a436 p. : _bill. ; _c22 cm. |
||
| 504 | _aIncludes bibliographical references and index. | ||
| 650 | 0 | _aGeographical discoveries | |
| 650 | 0 | _aHistory of exploration | |
| 942 | _cBK | ||
| 999 |
_c2517 _d2517 |
||